Statistics for Highest and lowest geography

Click here to take the quiz!

General Stats

  • This quiz has been taken 36 times
  • The average score is 5 of 15

Answer Stats

Height/depthAnswer% Correct
Highest point on land above sea level29,030 ftMount Everest
97%
Deepest point on earth's surface35,814 ft deepChallenger deep
62%
Lowest point on land below sea level−1,388 ftDead Sea
62%
Deepest lake5,387 ft deepLake Baikal
62%
Highest capital city11,913 ftLa Paz
56%
Country with highest average elevation8,000 ftBhutan
47%
Deepest river820 ft deepCongo River
26%
Country with highest low point4,593 ftLesotho
18%
Lowest capital city-92 ftBaku
15%
Highest unclimbed mountain24,836 ftGangkhar Puensum
9%
Deepest hole ever drilled40,230 ft deepKola Superdeep Borehole
9%
Highest point from the centre of the earth20,703 ftMount Chimborazo
9%
Deepest point on the earth's surface not underwater8,330 ft deepBentley Subglacial Trench, Antarctica
6%
Deepest point underground (deepest cave)7,208 ft deepKrubera Cave
6%
Highest human settlement16,732 ftLa Rinconada
6%

Score Distribution

Percentile by Number Answered

Percent of People with Each Score

Your Score History

You have not taken this quiz